Kashi ke vrat, tyohar tatha mele (Record no. 1231743)

MARC details
000 -LEADER
fixed length control field 00577nam a2200217Ia 4500
005 - DATE AND TIME OF LATEST TRANSACTION
control field 20241129115727.0
008 - FIXED-LENGTH DATA ELEMENTS--GENERAL INFORMATION
fixed length control field 241129s9999||||xx |||||||||||||| ||und||
020 ## - INTERNATIONAL STANDARD BOOK NUMBER
International Standard Book Number 9789387200289
037 ## - SOURCE OF ACQUISITION
Stock number TB
040 ## - CATALOGING SOURCE
Original cataloging agency SDCL
Language of cataloging eng
Transcribing agency SDCL
041 ## - LANGUAGE CODE
Language code of text/sound track or separate title hin
Source of code hin
084 ## - COLON CLASSIFICATION NUMBER
Classification number V27562'N R2
Assigning agency SDCL
100 ## - MAIN ENTRY--PERSONAL NAME
Personal name Pathak Abha Mishra
9 (RLIN) 728199
245 #0 - TITLE STATEMENT
Title Kashi ke vrat, tyohar tatha mele
260 ## - PUBLICATION, DISTRIBUTION, ETC.
Place of publication, distribution, etc. Varanasi
Name of publisher, distributor, etc. Kala Prakashan India
Date of publication, distribution, etc. 2022
300 ## - PHYSICAL DESCRIPTION
Extent 172p.
365 ## - TRADE PRICE
Price type code INR
Price amount 4000
650 ## - SUBJECT ADDED ENTRY--TOPICAL TERM
Topical term or geographic name entry element Sanskrit
942 ## - ADDED ENTRY ELEMENTS (KOHA)
Koha item type Textbook
Classification part V27562'N R2
Holdings
Withdrawn status Lost status Source of classification or shelving scheme Damaged status Not for loan Home library Current library Date acquired Source of acquisition Cost, normal purchase price Total Checkouts Full call number Barcode Date last seen Price effective from Koha item type
    Colon Classification (CC)     South Campus Library South Campus Library 2024-11-29 Eastern Book Linkers 4000.00   V27562'N R2 SC1627751 2024-11-29 2024-11-29 Textbook
Copyright @ Delhi University Library System